|
|
|
|
| LEADER |
00818nab a2200205 i 4500 |
| 001 |
misc48158 |
| 005 |
20240826110011.0 |
| 008 |
200420s2000 hu o 000 hun d |
| 022 |
|
|
|a 0133-1752
|
| 040 |
|
|
|a SZTE Miscellanea Repozitórium
|b hun
|
| 041 |
|
|
|a hun
|
| 100 |
1 |
|
|a Daniss Győző
|
| 245 |
1 |
0 |
|a Szőlők, szolgák, vasárnapok
|h [elektronikus dokumentum] :
|b az államalapítás korának írott forrásai [könyvismertetés] /
|c Daniss Győző
|
| 260 |
|
|
|a Népszabadság Részvénytársaság
|b Budapest
|c 2000-02-05
|
| 300 |
|
|
|a 10
|
| 490 |
0 |
|
|a Népszabadság : országos napilap
|v 58 No. 30
|
| 561 |
|
|
|a Kristó Gyula újságkivágatok
|
| 695 |
|
|
|a Magyarország története - 10-11. század - könyvismertetés
|
| 700 |
0 |
1 |
|a Kristó Gyula
|
| 856 |
4 |
0 |
|u http://misc.bibl.u-szeged.hu/48158/1/026.pdf
|z Dokumentum-elérés
|